000 00381nam a22001697a 4500
003 MPLRDC
005 20220104144443.0
008 210129b ||||| |||| 00| 0 eng d
082 _a177.2 RBM*
100 _a任毕明著
245 _a风云集
_c
260 _a
_b实学书局
_c
300 _b
490 _a实用知识丛书; 1
650 _a
942 _cBK
_o177.2 RBM*
999 _c49772
_d49762